ბათუმის შოთა რუსთაველის სახელმწიფო უნივერსიტეტის ბიბლიოთეკა

Manuel De La littérature Française Contemporaine : (ბიბ.ჩანაწერი № 61349)

000 -LEADER
fixed length control field 00941nam a22002057a 4500
005 - DATE AND TIME OF LATEST TRANSACTION
control field 20240222121057.0
008 - FIXED-LENGTH DATA ELEMENTS--GENERAL INFORMATION
fixed length control field 240220s2023 ge ||||| |||| 00| 0 fre d
020 ## - INTERNATIONAL STANDARD BOOK NUMBER
International Standard Book Number 9789941488757
041 ## - LANGUAGE CODE
Language code of text/sound track or separate title fre
080 ## - UNIVERSAL DECIMAL CLASSIFICATION NUMBER
Universal Decimal Classification number 821.133.1(075.8) D-53
100 ## - MAIN ENTRY--PERSONAL NAME
Personal name Diasamidzé, Victoria
9 (RLIN) 5476
245 ## - TITLE STATEMENT
Title Manuel De La littérature Française Contemporaine :
Remainder of title XX-XXI ss. Cours théoriques et Pratique /
Statement of responsibility, etc. Victoria Diasamidzé; Red. Zourab Artchvadzé.
264 ## - PRODUCTION, PUBLICATION, DISTRIBUTION, MANUFACTURE, AND COPYRIGHT NOTICE
Place of production, publication, distribution, manufacture Batoumi :
Name of producer, publisher, distributor, manufacturer Université d' État Chota Roustaveli,
Date of production, publication, distribution, manufacture, or copyright notice 2023.
300 ## - PHYSICAL DESCRIPTION
Extent 582 p.:
Other physical details ill.;
Dimensions 30 cm.
521 ## - TARGET AUDIENCE NOTE
Target audience note Bibliogr. p. 578-579
653 ## - INDEX TERM--UNCONTROLLED
keyword თანამედროვე ფრანგული ლიტერატურის სახელმძღვანელო
653 ## - INDEX TERM--UNCONTROLLED
keyword თეორიული და პრაქტიკული კურსები
700 ## - ADDED ENTRY--PERSONAL NAME
Personal name Artchvadzé, Zourab
Relator term რედაქტორი
9 (RLIN) 21261
942 ## - ADDED ENTRY ELEMENTS (KOHA)
Source of classification or shelving scheme
Koha item type წიგნი
ეგზემპლარები
Withdrawn status Lost status Source of classification or shelving scheme Damaged status Not for loan Permanent Location Current Location Shelving location Date acquired Cost, normal purchase price Full call number Barcode Date last seen Copy number Price effective from Koha item type Public note
          ბათუმის შოთა რუსთაველის სახელმწიფო უნივერსიტეტის მთავარი ბიბლიოთეკა ბათუმის შოთა რუსთაველის სახელმწიფო უნივერსიტეტის მთავარი ბიბლიოთეკა წიგნსაცავი 2024-02-20 100.00 821.133.1(075.8) D-53 67514 2024-02-20 67514 2024-02-20 წიგნი 100 ლ.
          ბათუმის შოთა რუსთაველის სახელმწიფო უნივერსიტეტის მთავარი ბიბლიოთეკა ბათუმის შოთა რუსთაველის სახელმწიფო უნივერსიტეტის მთავარი ბიბლიოთეკა წიგნსაცავი 2024-02-20 100.00 821.133.1(075.8) D-53 67515 2024-02-20 67515 2024-02-20 წიგნი 100 ლ.
          ბათუმის შოთა რუსთაველის სახელმწიფო უნივერსიტეტის მთავარი ბიბლიოთეკა ბათუმის შოთა რუსთაველის სახელმწიფო უნივერსიტეტის მთავარი ბიბლიოთეკა წიგნსაცავი 2024-02-20 100.00 821.133.1(075.8) D-53 67516 2024-02-20 67516 2024-02-20 წიგნი 100 ლ.
          ბათუმის შოთა რუსთაველის სახელმწიფო უნივერსიტეტის მთავარი ბიბლიოთეკა ბათუმის შოთა რუსთაველის სახელმწიფო უნივერსიტეტის მთავარი ბიბლიოთეკა წიგნსაცავი 2024-02-20 100.00 821.133.1(075.8) D-53 67517 2024-02-20 67517 2024-02-20 წიგნი 100 ლ.
          ბათუმის შოთა რუსთაველის სახელმწიფო უნივერსიტეტის მთავარი ბიბლიოთეკა ბათუმის შოთა რუსთაველის სახელმწიფო უნივერსიტეტის მთავარი ბიბლიოთეკა წიგნსაცავი 2024-02-20 100.00 821.133.1(075.8) D-53 67518 2024-02-20 67518 2024-02-20 წიგნი 100 ლ.
          ბათუმის შოთა რუსთაველის სახელმწიფო უნივერსიტეტის მთავარი ბიბლიოთეკა ბათუმის შოთა რუსთაველის სახელმწიფო უნივერსიტეტის მთავარი ბიბლიოთეკა წიგნსაცავი 2024-02-20 100.00 821.133.1(075.8) D-53 67519 2024-02-20 67519 2024-02-20 წიგნი 100 ლ.
          ბათუმის შოთა რუსთაველის სახელმწიფო უნივერსიტეტის მთავარი ბიბლიოთეკა ბათუმის შოთა რუსთაველის სახელმწიფო უნივერსიტეტის მთავარი ბიბლიოთეკა წიგნსაცავი 2024-02-20 100.00 821.133.1(075.8) D-53 67520 2024-02-20 67520 2024-02-20 წიგნი 100 ლ.
          ბათუმის შოთა რუსთაველის სახელმწიფო უნივერსიტეტის მთავარი ბიბლიოთეკა ბათუმის შოთა რუსთაველის სახელმწიფო უნივერსიტეტის მთავარი ბიბლიოთეკა წიგნსაცავი 2024-02-20 100.00 821.133.1(075.8) D-53 67521 2024-02-20 67521 2024-02-20 წიგნი 100 ლ.
          ბათუმის შოთა რუსთაველის სახელმწიფო უნივერსიტეტის მთავარი ბიბლიოთეკა ბათუმის შოთა რუსთაველის სახელმწიფო უნივერსიტეტის მთავარი ბიბლიოთეკა წიგნსაცავი 2024-02-20 100.00 821.133.1(075.8) D-53 67522 2024-02-20 67522 2024-02-20 წიგნი 100 ლ.
          ბათუმის შოთა რუსთაველის სახელმწიფო უნივერსიტეტის მთავარი ბიბლიოთეკა ბათუმის შოთა რუსთაველის სახელმწიფო უნივერსიტეტის მთავარი ბიბლიოთეკა წიგნსაცავი 2024-02-20 100.00 821.133.1(075.8) D-53 67523 2024-02-20 67523 2024-02-20 წიგნი 100 ლ.
          ბათუმის შოთა რუსთაველის სახელმწიფო უნივერსიტეტის მთავარი ბიბლიოთეკა ბათუმის შოთა რუსთაველის სახელმწიფო უნივერსიტეტის მთავარი ბიბლიოთეკა წიგნსაცავი 2024-02-20 100.00 821.133.1(075.8) D-53 67524 2024-02-20 67524 2024-02-20 წიგნი 100 ლ.
          ბათუმის შოთა რუსთაველის სახელმწიფო უნივერსიტეტის მთავარი ბიბლიოთეკა ბათუმის შოთა რუსთაველის სახელმწიფო უნივერსიტეტის მთავარი ბიბლიოთეკა წიგნსაცავი 2024-02-20 100.00 821.133.1(075.8) D-53 67525 2024-02-20 67525 2024-02-20 წიგნი 100 ლ.
          ბათუმის შოთა რუსთაველის სახელმწიფო უნივერსიტეტის მთავარი ბიბლიოთეკა ბათუმის შოთა რუსთაველის სახელმწიფო უნივერსიტეტის მთავარი ბიბლიოთეკა წიგნსაცავი 2024-02-20 100.00 821.133.1(075.8) D-53 67526 2024-02-20 67526 2024-02-20 წიგნი 100 ლ.
          ბათუმის შოთა რუსთაველის სახელმწიფო უნივერსიტეტის მთავარი ბიბლიოთეკა ბათუმის შოთა რუსთაველის სახელმწიფო უნივერსიტეტის მთავარი ბიბლიოთეკა წიგნსაცავი 2024-02-20 100.00 821.133.1(075.8) D-53 67527 2024-02-20 67527 2024-02-20 წიგნი 100 ლ.
          ბათუმის შოთა რუსთაველის სახელმწიფო უნივერსიტეტის მთავარი ბიბლიოთეკა ბათუმის შოთა რუსთაველის სახელმწიფო უნივერსიტეტის მთავარი ბიბლიოთეკა წიგნსაცავი 2024-02-20 100.00 821.133.1(075.8) D-53 67528 2024-02-20 67528 2024-02-20 წიგნი 100 ლ.
          ბათუმის შოთა რუსთაველის სახელმწიფო უნივერსიტეტის მთავარი ბიბლიოთეკა ბათუმის შოთა რუსთაველის სახელმწიფო უნივერსიტეტის მთავარი ბიბლიოთეკა წიგნსაცავი 2024-02-20 100.00 821.133.1(075.8) D-53 67529 2024-02-20 67529 2024-02-20 წიგნი 100 ლ.
          ბათუმის შოთა რუსთაველის სახელმწიფო უნივერსიტეტის მთავარი ბიბლიოთეკა ბათუმის შოთა რუსთაველის სახელმწიფო უნივერსიტეტის მთავარი ბიბლიოთეკა წიგნსაცავი 2024-02-20 100.00 821.133.1(075.8) D-53 67530 2024-02-20 67530 2024-02-20 წიგნი 100 ლ.
          ბათუმის შოთა რუსთაველის სახელმწიფო უნივერსიტეტის მთავარი ბიბლიოთეკა ბათუმის შოთა რუსთაველის სახელმწიფო უნივერსიტეტის მთავარი ბიბლიოთეკა წიგნსაცავი 2024-02-20 100.00 821.133.1(075.8) D-53 67531 2024-02-20 67531 2024-02-20 წიგნი 100 ლ.
          ბათუმის შოთა რუსთაველის სახელმწიფო უნივერსიტეტის მთავარი ბიბლიოთეკა ბათუმის შოთა რუსთაველის სახელმწიფო უნივერსიტეტის მთავარი ბიბლიოთეკა წიგნსაცავი 2024-02-20 100.00 821.133.1(075.8) D-53 67532 2024-02-20 67532 2024-02-20 წიგნი 100 ლ.
          ბათუმის შოთა რუსთაველის სახელმწიფო უნივერსიტეტის მთავარი ბიბლიოთეკა ბათუმის შოთა რუსთაველის სახელმწიფო უნივერსიტეტის მთავარი ბიბლიოთეკა წიგნსაცავი 2024-02-20 100.00 821.133.1(075.8) D-53 67533 2024-02-20 67533 2024-02-20 წიგნი 100 ლ.
          ბათუმის შოთა რუსთაველის სახელმწიფო უნივერსიტეტის მთავარი ბიბლიოთეკა ბათუმის შოთა რუსთაველის სახელმწიფო უნივერსიტეტის მთავარი ბიბლიოთეკა წიგნსაცავი 2024-02-20 100.00 821.133.1(075.8) D-53 67534 2024-02-20 67534 2024-02-20 წიგნი 100 ლ.
          ბათუმის შოთა რუსთაველის სახელმწიფო უნივერსიტეტის მთავარი ბიბლიოთეკა ბათუმის შოთა რუსთაველის სახელმწიფო უნივერსიტეტის მთავარი ბიბლიოთეკა წიგნსაცავი 2024-02-20 100.00 821.133.1(075.8) D-53 67535 2024-02-20 67535 2024-02-20 წიგნი 100 ლ.
          ბათუმის შოთა რუსთაველის სახელმწიფო უნივერსიტეტის მთავარი ბიბლიოთეკა ბათუმის შოთა რუსთაველის სახელმწიფო უნივერსიტეტის მთავარი ბიბლიოთეკა წიგნსაცავი 2024-02-20 100.00 821.133.1(075.8) D-53 67536 2024-02-20 67536 2024-02-20 წიგნი 100 ლ.
          ბათუმის შოთა რუსთაველის სახელმწიფო უნივერსიტეტის მთავარი ბიბლიოთეკა ბათუმის შოთა რუსთაველის სახელმწიფო უნივერსიტეტის მთავარი ბიბლიოთეკა წიგნსაცავი 2024-02-20 100.00 821.133.1(075.8) D-53 67537 2024-02-20 67537 2024-02-20 წიგნი 100 ლ.
          ბათუმის შოთა რუსთაველის სახელმწიფო უნივერსიტეტის მთავარი ბიბლიოთეკა ბათუმის შოთა რუსთაველის სახელმწიფო უნივერსიტეტის მთავარი ბიბლიოთეკა წიგნსაცავი 2024-02-20 100.00 821.133.1(075.8) D-53 67538 2024-02-20 67538 2024-02-20 წიგნი 100 ლ.
          ბათუმის შოთა რუსთაველის სახელმწიფო უნივერსიტეტის მთავარი ბიბლიოთეკა ბათუმის შოთა რუსთაველის სახელმწიფო უნივერსიტეტის მთავარი ბიბლიოთეკა წიგნსაცავი 2024-02-20 100.00 821.133.1(075.8) D-53 67539 2024-02-20 67539 2024-02-20 წიგნი 100 ლ.
          ბათუმის შოთა რუსთაველის სახელმწიფო უნივერსიტეტის მთავარი ბიბლიოთეკა ბათუმის შოთა რუსთაველის სახელმწიფო უნივერსიტეტის მთავარი ბიბლიოთეკა წიგნსაცავი 2024-02-20 100.00 821.133.1(075.8) D-53 67540 2024-02-20 67540 2024-02-20 წიგნი 100 ლ.
          ბათუმის შოთა რუსთაველის სახელმწიფო უნივერსიტეტის მთავარი ბიბლიოთეკა ბათუმის შოთა რუსთაველის სახელმწიფო უნივერსიტეტის მთავარი ბიბლიოთეკა წიგნსაცავი 2024-02-20 100.00 821.133.1(075.8) D-53 67541 2024-02-20 67541 2024-02-20 წიგნი 100 ლ.
          ბათუმის შოთა რუსთაველის სახელმწიფო უნივერსიტეტის მთავარი ბიბლიოთეკა ბათუმის შოთა რუსთაველის სახელმწიფო უნივერსიტეტის მთავარი ბიბლიოთეკა წიგნსაცავი 2024-02-20 100.00 821.133.1(075.8) D-53 67542 2024-02-20 67542 2024-02-20 წიგნი 100 ლ.
          ბათუმის შოთა რუსთაველის სახელმწიფო უნივერსიტეტის მთავარი ბიბლიოთეკა ბათუმის შოთა რუსთაველის სახელმწიფო უნივერსიტეტის მთავარი ბიბლიოთეკა წიგნსაცავი 2024-02-20 100.00 821.133.1(075.8) D-53 67543 2024-02-20 67543 2024-02-20 წიგნი 100 ლ.
          ბათუმის შოთა რუსთაველის სახელმწიფო უნივერსიტეტის მთავარი ბიბლიოთეკა ბათუმის შოთა რუსთაველის სახელმწიფო უნივერსიტეტის მთავარი ბიბლიოთეკა წიგნსაცავი 2024-02-20 100.00 821.133.1(075.8) D-53 67544 2024-02-20 67544 2024-02-20 წიგნი 100 ლ.
          ბათუმის შოთა რუსთაველის სახელმწიფო უნივერსიტეტის მთავარი ბიბლიოთეკა ბათუმის შოთა რუსთაველის სახელმწიფო უნივერსიტეტის მთავარი ბიბლიოთეკა წიგნსაცავი 2024-02-20 100.00 821.133.1(075.8) D-53 67545 2024-02-20 67545 2024-02-20 წიგნი 100 ლ.
          ბათუმის შოთა რუსთაველის სახელმწიფო უნივერსიტეტის მთავარი ბიბლიოთეკა ბათუმის შოთა რუსთაველის სახელმწიფო უნივერსიტეტის მთავარი ბიბლიოთეკა წიგნსაცავი 2024-02-20 100.00 821.133.1(075.8) D-53 67546 2024-02-20 67546 2024-02-20 წიგნი 100 ლ.
          ბათუმის შოთა რუსთაველის სახელმწიფო უნივერსიტეტის მთავარი ბიბლიოთეკა ბათუმის შოთა რუსთაველის სახელმწიფო უნივერსიტეტის მთავარი ბიბლიოთეკა წიგნსაცავი 2024-02-20 100.00 821.133.1(075.8) D-53 67547 2024-02-20 67547 2024-02-20 წიგნი 100 ლ.